Datum a čas kvízu
28.5
Celkem bodů
Celkový počet nahraných bodů na tomto kvízu bez doplňovacích otázek.
5.
Pořadí na kvízu
Konečné umístění týmu na tomto kvízu.
Zaznamenané odpovědi
| # | Otázka | Odpověď | Body | Výsledky |
|---|---|---|---|---|
| 1. | Sociální sítě zaplavily vtípky... | Emma Smetana | 1 | |
| 2. | Parlament jednoho evropského s... | o Řecku | 1 | |
| 3. | Ministr kultury Antonín Staněk... | Národní galerie Praha; Muzeum umění Olomouc (stačí uvést Národní galerie a Muzeum Olomouc) | 0.5 | |
| 4. | Známé francouzské herní studio... | Ubisoft | 1 | |
| 5. | Pětileté čekání je u konce. Ho... | 4 góly | 1 | |
| 6. | V pondělí v podvečer zachvátil... | svatý Ludvík (Louis) | 0 | |
| 7. | Jeruzalémský Chrám, dle Bible... | Šalamoun (též Šalomoun) | 0 | |
| 8. | Tato budova dnes slouží jako p... | v Japonsku | 1 | |
| 9. | Stavba Národního divadla v Pra... | František Josef I. | 1 | |
| 10. | Tento mrakodrap najdeme na mís... | Freedom Tower (Věž svobody) | 0 |